[Event "Eupen op rapid"]
[Site "Eupen"]
[Date "2000.04.16"]
[Round "5"]
[White "Barthelmann, Klaus"]
[Black "Botzel, Martin"]
[Result "0-1"]
[WhiteElo "2230"]
[BlackElo "1806"]
[PlyCount "70"]
[EventDate "2000.04.??"]
[EventType "swiss (rapid)"]
[EventRounds "7"]
[EventCountry "BEL"]
[SourceTitle "EXT 2006"]
[Source "ChessBase"]
[SourceDate "2005.11.24"]
[SourceVersion "1"]
[SourceVersionDate "2005.11.24"]
[SourceQuality "1"]

1. e4 c5 2. Nc3 Nc6 3. Nf3 e5 4. Bc4 d6 5. h3 Be7 6. d3 Nf6 7. 0-0 0-0 8. Be3 Be6 9. Nd5 Bxd5 10. Bxd5 Nxd5 11. exd5 Nd4 12. Nh2 Bg5 13. Qd2 h6 14. c3 Nf5 15. Bxg5 hxg5 16. Nf3 f6 17. Qe2 Qd7 18. Rfd1 Rae8 19. Rab1 Ne7 20. c4 Ng6 21. Ne1 Nf4 22. Qg4 Qxg4 23. hxg4 e4 24. b4 Ne2+ 25. Kf1 Nc3 26. bxc5 dxc5 27. dxe4 Nxd1 28. Rxd1 Rxe4 29. Nc2 Rxc4 30. Ne3 Rd4 31. Rc1 b6 32. Nf5 Rd2 33. Re1 g6 34. Ne7+ Kf7 35. Nc6 Re8 0-1